000 00906cam a22002894a 4500
001 14497313
003 OSt
005 20150713121347.0
008 060814s2006 ke b 001 0 eng
010 _a 2006317047
020 _a9966703470
040 _aDLC
_cDLC
043 _af-ke---
050 0 0 _aKSK2461
_b.L86 2006
082 _a347.012 LUM
100 1 _aLumumba, Patrick L. O.
_9902
245 1 3 _aAn outline of judicial review in Kenya /
_cP.L.O. Lumumba.
246 1 4 _aJudicial review in Kenya
250 _a2nd ed.
260 _aNairobi :
_bLawAfrica,
_c2006.
300 _axxxiii, 143 p. ;
_c21 cm.
504 _aIncludes bibliographical references and index.
650 0 _aJudicial review of administrative acts
_zKenya.
_91878
906 _a7
_bcbc
_corigcop
_d2
_encip
_f20
_gy-gencatlg
942 _2ddc
_cBK
999 _c650
_d650